|
|
|
|
| LEADER |
00831nam a22002297a 4500 |
| 001 |
11856 |
| 003 |
BD-DhAAL |
| 005 |
20141215162836.0 |
| 008 |
141215s1991 bg ||||| b||| 00| 0 eng d |
| 040 |
|
|
|a BD-DhAAL
|c BD-DhAAL
|
| 082 |
|
|
|2 22
|a 630.9
|
| 245 |
|
|
|a Irrigation issues in Bangladesh :
|b workshop proceedings March 11, 1991 /
|c Editors W M H Jaim and R L Sarker
|
| 260 |
|
|
|a Dhaka :
|b Human Resource Development Program, Winrock International,
|c 1991
|
| 300 |
|
|
|a xiii, 255 p. :
|c 22 cm.
|
| 541 |
|
|
|e 11856
|
| 650 |
|
|
|a Irrigation
|9 6824
|
| 700 |
|
|
|a Jaim, W M H
|9 6825
|
| 700 |
|
|
|a Sarker, R L
|9 6826
|
| 852 |
|
|
|a Ayesha Abed Library
|
| 942 |
|
|
|2 ddc
|c BK
|
| 999 |
|
|
|c 33304
|d 33304
|
| 952 |
|
|
|0 0
|1 0
|2 ddc
|4 0
|6 630_900000000000000_IRR
|7 0
|9 44481
|a BRACUL
|b BRACUL
|c GEN
|d 2014-12-15
|l 0
|o 630.9 IRR
|p 3010011856
|r 2014-12-15
|t 1
|w 2014-12-15
|y BK
|